España sagrada, continuada por la Real Academia de la Historia. (Record no. 174621)

MARC details
000 -LEADER
campo de control de longitud fija 01493nam a2200325 4500
001 - NÚMERO DE CONTROL
campo de control 174621
003 - IDENTIFICADOR DE NÚMERO DE CONTROL
campo de control ES-MaACL
005 - FECHA Y HORA DE LA ÚLTIMA TRANSACCIÓN
campo de control 20250831072606.0
008 - DATOS DE LONGITUD FIJA--INFORMACIÓN GENERAL
campo de control de longitud fija 100512s1866 sp ap |||| | spa d
080 ## - NÚMERO DE LA CLASIFICACIÓN DECIMAL UNIVERSAL
Número de la Clasificación Decimal Universal 27(460)
100 1# - ENTRADA PRINCIPAL--NOMBRE DE PERSONA
Nombre de persona Flórez, Enrique,
Fechas asociadas al nombre 1702-1773
9 (RLIN) 142679
240 10 - TÍTULO UNIFORME
Título uniforme España sagrada
245 10 - MENCIÓN DEL TÍTULO
Título España sagrada, continuada por la Real Academia de la Historia.
Número de parte o sección de la obra Tomo L,
Nombre de parte o sección de la obra Tratados LXXXVII y LXXXVIII
Resto del título : las santas iglesias de Tarazona y Tudela en sus estados antiguo y moderno /
Mención de responsabilidad, etc. por Vicente de la Fuente.
260 ## - PUBLICACIÓN, DISTRIBUCIÓN, ETC.
Lugar de publicación, distribución, etc. Madrid :
Nombre del editor, distribuidor, etc. imprenta de José Rodríguez,
Fecha de publicación, distribución, etc. 1866.
300 ## - DESCRIPCIÓN FÍSICA
Extensión IX, 525 p., [1] h. de lám. pleg. ;
Dimensiones 20 cm.
500 ## - NOTA GENERAL
Nota general La h. de lam. es la lápida sepulcral de San Millán en el Monasterio de la Cogolla.
504 ## - NOTA DE BIBLIOGRAFÍA, ETC.
Nota de bibliografía, etc. Apéndices, p. 365-511.
504 ## - NOTA DE BIBLIOGRAFÍA, ETC.
Nota de bibliografía, etc. Índice alfabético de cosas notables del tomo.
530 ## - NOTA DISPONIBLE DE FORMULARIO FÍSICO ADICIONAL
Nota de formato físico adicional disponible Disponible en formato digital.
546 ## - NOTA DE IDIOMA
Nota de lengua/lenguaje Textos de los apéndices en latín la mayor parte.
650 #7 - PUNTO DE ACCESO ADICIONAL DE MATERIA--TÉRMINO DE MATERIA
Término de materia o nombre geográfico como elemento de entrada Historia eclesiástica
Fuente del encabezamiento o término embne
9 (RLIN) 13400
651 #4 - PUNTO DE ACCESO ADICIONAL DE MATERIA--NOMBRE GEOGRÁFICO
Nombre geográfico Tudela (Diócesis)-
Subdivisión general Historia eclesiástica.
9 (RLIN) 142802
651 #4 - PUNTO DE ACCESO ADICIONAL DE MATERIA--NOMBRE GEOGRÁFICO
Nombre geográfico Tarazona (Diócesis)-
Subdivisión general Historia eclesiástica.
9 (RLIN) 142801
700 1# - ENTRADA AGREGADA--NOMBRE PERSONAL
Nombre de persona Fuente, Vicente de la,
Fechas asociadas al nombre 1817-1889
9 (RLIN) 52857
710 2# - ENTRADA AGREGADA--NOMBRE DE ENTIDAD CORPORATIVA
Nombre de entidad corporativa o nombre de jurisdicción como elemento de entrada Real Academia de la Historia (España)
9 (RLIN) 6309
852 4# - LOCALIZACIÓN
Ubicación ES-MaACL
Número de control de estantería R-1617-69
Encuadernación C-16767-818
856 ## - LOCALIZACIÓN Y ACCESO ELECTRÓNICOS
Identificador Uniforme de Recursos <a href="https://archive.org/details/espanasagradaco00fuengoog/page/n7 ">https://archive.org/details/espanasagradaco00fuengoog/page/n7 </a>
Nota pública Internet Archive
Holdings
Estatus retirado Estado de pérdida Estado de daño No para préstamo Colección Biblioteca de origen Biblioteca actual Ubicación en estantería Fecha de adquisición Fuente de adquisición Total de préstamos Signatura topográfica completa Código de barras Visto por última vez Precio de reemplazo Tipo de ítem Koha
        Colección digital Biblioteca del Ateneo de Madrid Biblioteca del Ateneo de Madrid Depósito 12/05/2010     R-1666 1183316 23/02/2023 23/02/2023 Libro impreso antiguo